| 000 | 01248nam a2200325 i 4500 | ||
|---|---|---|---|
| 001 | 10136 | ||
| 003 | ES-MaACL | ||
| 005 | 20260219165327.0 | ||
| 007 | t| | ||
| 008 | 950310s1993 sp f |||| | spa d | ||
| 020 | _a84-87999-18-2 | ||
| 080 | _a325.4(46:6)(09) | ||
| 080 | _a9(61)"15/17" | ||
| 100 | 1 |
_aGalindo y Vera, León, _d1820-1889 _953452 |
|
| 245 | 1 | 0 |
_aHistoria, vicisitudes y política tradicional de España respecto de sus posesiones en las costas de África _b: desde la monarquía gótica y en los tiempos posteriores a la restauración hasta el último siglo / _cLeón Galindo y Vera ; prólogo de Jesús F. Salafranca Ortega. |
| 246 | 3 | 4 | _aLas posesiones hispano-africanas |
| 250 | _a2ª ed. | ||
| 260 |
_aMálaga : _bAlgazara, _c1993. |
||
| 300 |
_aXIII, 474 p. : _b[36] p. de lám. ; _c26 cm. |
||
| 490 | 1 |
_aÁfrica propia ; _v6 |
|
| 500 | _aApéndice documental. | ||
| 595 | _aReimp. de la 1ª ed., 1884. | ||
| 651 | 7 |
_aEspaña- _xColonias- _zÁfrica _2 _9172189 |
|
| 651 | 4 |
_aMagreb- _xHistoria. _99086 |
|
| 700 | 1 |
_aSalafranca Ortega, Jesús F. _9101700 |
|
| 740 | 4 | 2 | _aLas posesiones hispano-africanas. |
| 830 | 1 |
_aÁfrica propia ; _v6 _9178639 |
|
| 852 |
_aES-MaACL _jL-17671 |
||
| 999 |
_c10136 _d10136 |
||